00846nam a2200253Ia 450000500170000000800410001702000180005808200200007610000340009624500580013025000180018830000310020649000550023765000390029265000370033165000540036894200130042226400190043533600270045433700330048133800280051404000350054299900150057720220317001320.0161108s9999 ck g 000 0 spa  a978958648462604aR 333.703bF71d1 aFraume Restrepo, Nestor Julio10aDiccionario ambientalcNéstor Julio Fraume Restrepo a1a. edición aviii, 465 páginasc24 cm aTextos universitariospEcología y medio ambiente142LEMBaMedio ambientevDiccionarios142LEMB aEcología vDiccionarios142LEMB aBotánica vEnciclopedias y diccionarios  2ddccREF aBogotábEcoe atextobtxt2rdacontent asin mediaciónbn2rdamedia avolumenbnc2rdacarrier aCO-BoRNBPbspaerdacCO-BoRNBP c6593d6593